000 00641cam a2200145 4500500
005 20251228082745.0
041 _afre
042 _adc
100 1 0 _aEsmein-Sarrazin, Camille
_eauthor
245 0 0 _aGeorges de Scudéry, Ibrahim ou l’Illustre Bassa, texte établi, présenté et annoté par Éveline Dutertre, Paris, Société des textes français modernes, 1998. Un vol. de 12 × 18 cm de 274 p.
260 _c2002.
500 _a86
786 0 _nDix-septième siècle | 215 | 2 | 2002-06-01 | p. 369f-382f | 0012-4273
856 4 1 _uhttps://shs.cairn.info/revue-dix-septieme-siecle-2002-2-page-369f?lang=fr&redirect-ssocas=7080
999 _c1599746
_d1599746